[Event "EU-chT (Men) 15th"]
[Site "Gothenburg"]
[Date "2005.08.04"]
[Round "6.2"]
[White "Mamedyarov, Shakhriyar"]
[Black "Eljanov, Pavel"]
[Result "1-0"]
[WhiteElo "2646"]
[BlackElo "2639"]
[Annotator "Krasenkow,M"]
[PlyCount "131"]
[EventDate "2005.07.30"]
[EventType "team-swiss"]
[EventRounds "9"]
[EventCountry "SWE"]
[SourceTitle "CBM 109"]
[Source "ChessBase"]
[SourceDate "2005.11.14"]
[SourceVersion "1"]
[SourceVersionDate "2005.11.14"]
[SourceQuality "1"]
[WhiteTeam "Azerbaijan"]
[BlackTeam "Ukraine"]
[WhiteTeamCountry "AZE"]
[BlackTeamCountry "UKR"]

1. d4 Nf6 2. c4 g6 3. Nc3 d5 4. Bf4 Bg7 5. e3 c5 6. dxc5 Qa5 7. Rc1 dxc4 8.
Bxc4 O-O 9. Nge2 Qxc5 10. Qb3 Nc6 11. Nb5 Qh5 12. Ng3 Qh4 13. Nc7 e5 14. Bg5 $5
$146 {[%mdl 8] A new idea in this sharp line. White gives up his bishop "for
free" (instead of the e5 pawn) but Black obtains less attacking possibilities.}
(14. Bxe5 Nxe5 15. Nxa8 {was examined in several CBM issues: CBM98, 100, 101.})
14... Qxg5 15. h4 Qg4 16. Nxa8 Na5 {It's a question whether Black can try to
trap the opponent's knight by means of} (16... Qd7) 17. Qb5 Nxc4 18. Rxc4 Bd7 (
18... e4 $5) 19. Qb4 e4 (19... Qe6 20. Nc7 $18) (19... a5 20. Qxf8+ Bxf8 21.
Rxg4 Nxg4 22. Nb6 $18) 20. Qxb7 {This leads to complications, quite
satisfactory for Black.} (20. Nc7 $5 Bc6 $1) 20... Be6 {[%cal Cc4d4,Cb7a7,
Re6c4,Re6d5]} 21. Rd4 Nd7 $1 22. Rxd7 (22. Rxe4 Nc5 23. Rxg4 Nxb7 24. Rb4 Nc5
25. Rb5 Nd3+ 26. Ke2 (26. Kd2 $2 Nxf2) 26... Bc4 27. Nc7 Ne5+ 28. Kd1 Bxb5 29.
Nxb5 Rb8 {gives Black an excellent position.}) 22... Bxd7 23. Nc7 Be5 {[%cal
Cg3e4,Re5g3,Rf8c8]} 24. O-O Qxh4 (24... Rc8 {was worth trying, immediately
creating counterplay.} 25. Nd5 Kg7 (25... Rc2 26. Nxe4 $1) 26. Qxa7 Bb5 27. Re1
Bxg3 28. fxg3 Qxg3 29. Qd4+ Kh6 30. Rd1 Bd3 $132) 25. Qxa7 Bxb2 {The material
balance has been restored; the pair of bishops gives Black good chances but
White's a-pawn should not be underestimated.} (25... f5 {deserved attention
with the same motif - to create a counterattack at once.}) 26. a4 Be5 27. a5
Bc6 28. Qb6 Rc8 $6 {Missing a possibility to force a draw, Black finds himself
in a difficult position.} (28... Bxg3 $1 29. fxg3 Qxg3 30. Qxc6 (30. Rc1 Rd8) (
30. Rd1 Rc8) (30. a6 Rc8 {- in all cases White must play} 31. Qxc6 {with a draw
}) 30... Qxe3+ 31. Rf2 Qe1+ 32. Rf1 Qe3+ 33. Kh2 Qh6+ 34. Kg3 Qg5+ 35. Kf2 Qd2+
$11) 29. Qxc6 Bxg3 (29... Bxc7 30. a6 Qd8 31. Rc1 $18) 30. fxg3 Qxg3 31. Qxe4 (
31. Rxf7 $2 Qe1+ 32. Rf1 Qxe3+ 33. Rf2 Qe1+ 34. Kh2 Qxf2 35. Qe6+ Kg7 36. Qxc8
Qh4+ 37. Qh3 Qf4+ 38. Qg3 Qh6+ 39. Kg1 Qc1+ 40. Kf2 Qd2+ $11) 31... Qxc7 32. a6
{With this strong passed pawn White has fair winning chances, however,
diminished by the fact that his king is unsafe and exposed to perpetual check.
White must therefore try to trade the queens.} Qa7 33. Ra1 Rd8 34. Kh1 Ra8 35.
Qc6 Rb8 36. Qd6 Ra8 37. Ra3 Rc8 38. Kh2 Ra8 39. Kg1 Rc8 40. Rb3 {White
prepares to attack Black's "second weakness" - the f7 pawn.} Qc7 {Black loses
patience but the queen exchange would happen sooner or later anyway:} (40...
Ra8 41. Qf6 Re8 42. Rb6 $1 (42. Kh2 Re6 43. Rb7 Rxf6 44. Rxa7 Re6 $11) 42...
Rc8 43. Kh2 Qc7+ 44. Qd6 $1 Qxd6+ (44... Qa7 45. e4) 45. Rxd6 Ra8 46. e4 Kf8
47. e5 $16) 41. Qxc7 Rxc7 42. Ra3 Ra7 {[%mdl 4096]} 43. Kf2 {[%cal Rf2e2,Re2b5]
} Kf8 {[%cal Yf8e7,Ye7d6,Yd6c7,Yc7b8] Black's king is aiming to b8 to free his
rook} 44. e4 Ke7 45. Ke3 Kd6 46. Kd4 f6 (46... h5 47. e5+ Kc7 $1 (47... Kc6
$143 48. Ke4 Kb6 49. Kf4 {the a6 pawn is taboo} Kb5 50. Kg5 Kb6 51. g3 Kc5 52.
Kf6 Kd4 53. Ra5 Kc4 54. e6 fxe6 55. Kxg6 Kd4 56. Kxh5 e5 57. Kg4 e4 58. Ra3 $18
) 48. Kc5 Kb8 {was probably an easier way to a draw.}) 47. Kc4 Kc6 (47... Kc7
$6 48. Kd5 {ia now risky}) 48. g3 (48. Rf3 f5 $1 49. exf5 Rxa6 50. fxg6 Ra4+
51. Kb3 Rh4 52. g3 Rh5 53. g4 Rh4 $11 {- what acrobatic tricks!}) 48... h5 49.
Ra2 (49. Rf3 f5 50. exf5 gxf5 51. Rxf5 Rg7 $1 $11 (51... Rxa6 $2 52. Rf6+ Kb7
53. Rxa6 Kxa6 54. Kd5 Kb7 55. Ke6 Kc7 56. Kf6 $18)) 49... Kb6 50. Rf2 Rc7+ $2 {
Black unnecessarily helps the white king to reach the kingside. After pawn
exchanges White will keep his g-pawn in a R+P vs R endgame and win it as the
black king will be too far away.} (50... f5 $1 {was enough for a draw, e.g.}
51. Rb2+ (51. e5 $6 Rxa6 52. Kd5 Kc7 53. Rb2 Ra3 54. Ke6 Rxg3 55. Kf7 Re3 56.
e6 h4 57. e7 h3 58. e8=Q Rxe8 59. Kxe8 g5 {and Black is not worse}) (51. exf5
gxf5 52. Rxf5 (52. Ra2 Rxa6 53. Rxa6+ Kxa6 54. Kd4 f4 55. gxf4 Kb5 $11) 52...
Rg7) 51... Kc7 (51... Kxa6 $6 52. e5) ({but} 51... Kc6 {is possible, too}) 52.
Kb5 fxe4 53. Re2 Kb8 54. Rxe4 Rf7 55. Re6 Ka7 56. Rxg6 Rf5+ $11) ({Even} 50...
Rxa6 {appears sufficient:} 51. Rxf6+ Kb7 52. e5 Ra5 (52... Ra4+ 53. Kd5 Rg4 54.
Ke6 Rxg3 55. Kf7 Re3 56. e6 Kc6 {is probably good enough, too. Black will
eventually give up his rook but his king will break through to support his
pawn(s).}) 53. Kd4 Kc7 54. Rxg6 Kd7 55. Rg5 (55. Ke4 Ra1 $11) 55... Ra3 56. Kd5
Ke7 57. Ke4 Ke6 58. Rg6+ Kf7 {and this must be a draw.}) 51. Kd5 Rc5+ 52. Kd6
Rc6+ (52... Rg5 53. Rxf6 Rxg3 54. e5 {is lost for Black as, unlike in the line
in the previous annotation (50...Ra6 with 52...Ra4), his king must still
capture the a6 pawn and will not manage to support his pawns.}) 53. Kd7 Rc7+
54. Ke6 Rc6+ 55. Kf7 g5 $8 56. Rh2 $1 {Black can't get rid of all white pawns!}
Kxa6 (56... Rc4 57. Kxf6 Rxe4 58. Rxh5 g4 59. Kf5 Ra4 60. Rg5 $18 {[%cal Ca4a6,
Yg5g4] e.g.} Kc7 61. Rxg4 Rxa6 (61... Ra5+ 62. Ke6) 62. Rd4 $18) (56... h4 57.
gxh4 gxh4 58. Rxh4 Kxa6 (58... Kc7 59. Rf4) 59. Rf4 $18) (56... Rc3 57. Kxf6
Rxg3 58. Rxh5 (58. e5 $6 g4 59. Rxh5 Rf3+ 60. Kg7 Kxa6 61. e6 Re3 62. Kf7 g3
63. Rg5 Rf3+) 58... g4 59. Kf5 Rg1 (59... Kxa6 60. Rg5 $18) 60. Rg5 g3 61. Kf4
g2 62. Kf3 $18) 57. Rxh5 Kb7 (57... Kb5 58. g4 Kc4 59. Rh6 Kd4 60. Rxf6 $18 {
[%cal Of6c6,Yf7g6]}) (57... Rc3 58. g4 Rg3 59. Kxf6 Rxg4 60. e5 $18) 58. g4 Kc7
59. Rh1 (59. Rh6 Rc4 60. Kxf6 Rxe4 61. Kxg5 Kd7 62. Rf6 $18) 59... Rd6 60. Ke7
Rc6 61. Rd1 Rb6 62. Rf1 (62. Rd7+ Kc8 63. Rd6 Rb4 64. Kxf6 $18) 62... Rc6 63.
Rd1 Rc4 (63... Rb6 64. Rd7+) 64. Kxf6 Rxe4 65. Kxg5 Ra4 66. Kh5 {An excellent
illustration of the outside passed pawn in the rook endgame!} 1-0

[Event "Corus"]
[Site "Wijk aan Zee"]
[Date "2004.01.19"]
[Round "8"]
[White "Sokolov, Ivan"]
[Black "Svidler, Peter"]
[Result "1/2-1/2"]
[WhiteElo "2706"]
[BlackElo "2747"]
[Annotator "Krasenkow,M"]
[PlyCount "83"]
[EventDate "2004.01.10"]
[EventType "tourn"]
[EventRounds "13"]
[EventCountry "NED"]
[EventCategory "19"]
[SourceTitle "CBM 099"]
[Source "ChessBase"]
[SourceDate "2004.03.30"]
[SourceVersion "1"]
[SourceVersionDate "2004.03.30"]
[SourceQuality "1"]

1. d4 Nf6 2. c4 g6 3. Nc3 d5 4. Bf4 Bg7 5. Rc1 Nh5 6. Bg5 h6 7. Bh4 c5 $1 {
A strong move, after which White can easily get into trouble.} (7... dxc4 {
-see Gabriel-Oral in CBM74.}) 8. e3 (8. Nxd5 Nc6 9. e3 Be6 $1 10. Be2 cxd4 11.
exd4 Bxd5 12. cxd5 Qxd5 13. Bxh5 gxh5 14. Nf3 Nxd4 $17 {Kortschnoj,V-Vaganian,
R/Reggio Emilia 1987}) (8. cxd5 cxd4 9. Nb5 Na6 10. Nxd4 Qa5+ 11. Rc3 Nb4 12.
Qd2 Bxd4 13. Rc4 Bb6 14. Rxb4 Qxa2 $36 {1-0 Stefansson,H-Borge,N/Copenhagen
1998/CBM 65 ext (27)}) (8. dxc5 d4 9. Nd5 g5 $17) 8... cxd4 9. Nxd5 (9. exd4
dxc4 (9... Nc6 10. Nf3 dxc4 11. Bxc4 g5 12. d5 gxh4 13. dxc6 $13 {1/2-1/2
Tisdall,J-Elsness,F/Stockholm 1996/CBM 57 ext (31)}) 10. d5 (10. Bxc4 $142 O-O
11. Nf3 Bg4 $132) 10... O-O 11. Bxc4 Nf4 $1 (11... Nd7 12. Nf3 g5 13. Bg3 Nxg3
14. hxg3 g4 15. Nh4 Ne5 16. Bb3 Qb6 17. O-O Bd7 $13 {1-0 Wengholm,A-Karlsson,L/
SWE 1995/EXT 2002 (43)}) 12. Qf3 Qc7 13. Bb3 Nd7 (13... Nxg2+ $3 14. Qxg2 Qf4
$17) 14. Kf1 b6 $4 15. Nce2 $16 {0-1 Biliskov,V-Rade,M/Budapest 1993/EXT 97 
(31)}) 9... Nc6 10. exd4 Bxd4 (10... O-O $143 11. Be2 Qa5+ 12. b4 Qa3 13. Bxh5
gxh5 14. Ne2 $16 {1-0 Zaja,I-Rade,M/Mravinci 1995/EXT 98 (33)}) (10... Be6 $5)
11. Qd2 (11. Bxe7 Nxe7 12. Qxd4 O-O $44 {with a big development advantage for
Black.}) 11... g5 12. Be2 {White tries to equalize with the help of tactics.} (
12. Bg3 Nxg3 13. hxg3 e6 $15) (12. Nf3 Bg7 13. Bg3 Nxg3 14. hxg3 g4 $17) 12...
Nf6 $1 13. Nf3 (13. Nxf6+ Bxf6 $19 {[%csl Rb2]}) 13... Bb6 $6 {Wrong!} (13...
Ne4 $142 $1 14. Qc2 Qa5+ 15. Kf1 gxh4 16. Qxe4 Bxb2 17. Rb1 h3 $3 $17 18. Rxb2
$140 $2 hxg2+ 19. Kxg2 Rg8+) 14. Nxf6+ exf6 15. Qxd8+ Bxd8 {[%mdl 4096]} 16.
Bg3 Ba5+ 17. Kf1 {[%csl Rh1] Black is still better due to White's passive h1
rook but must now play accurately.} f5 (17... Be6 $142 18. h4 (18. Bd6 O-O-O
19. c5 Bc7 $17) 18... O-O-O $15) 18. Bd6 Be6 19. Ne5 $1 {This important
simplifying resource would have been impossible in the event of 17...Be6.}
O-O-O (19... Nd4 $6 20. c5) 20. Nxc6 bxc6 21. Bc5 (21. c5 Bc7) 21... f4 {
Who cares about the stupid a7 pawn? Who could predict that White's queenside
pawns would become an important factor in the future?} (21... Rd2 22. Be3 Rxb2
$2 23. Bd4) (21... Bb6 $142 22. Bb4 Rhe8 $36) 22. Bxa7 Rhe8 $6 {Obvious but
not necessarily the best.} (22... Rd2 $142 23. Bc5 Kb7 $1 (23... Re8 24. b4 {
-see game}) 24. b4 Bb6 {to get rid of White's important bishop.}) 23. Bc5 Rd2 {
The black rook has invaded the second rank but the white c5 bishop,
underestimated by Black, now holds up White's whole position!} 24. b4 Bc7 {
[%csl Gc5,Rc7] Now just compare the activity of the dark-squared bishops!} 25.
g4 $1 f5 (25... h5 26. h3 {[%cal Rg4h5]}) 26. h3 h5 {Black desperately tries
to make use of his development advantage but has too few resources.} (26...
Rxa2 27. Bf3 {[%cal Yf1g2]}) 27. gxf5 Bxf5 28. Bxh5 Rh8 29. Bf3 Rxh3 30. Bxc6
Rxa2 31. Rxh3 Bxh3+ 32. Kg1 $16 {So, after all the complications White is
simply a pawn up.} Bd7 33. Bd5 g4 34. b5 f3 35. Bd4 {In the time trouble White
starts playing too timidly.} (35. b6 Bf4 36. Re1 Re2 (36... Kb8 37. Bd4 $18)
37. b7+ Kb8 38. Ra1 Kc7 39. Ba7 $18) 35... Bf4 36. Rd1 $2 {It looks that White
needn't hurry but Black finds a fantastic defensive resource!} (36. b6 $1 {
was still quite strong:} Rd2 (36... Bxc1 $2 37. b7+) 37. b7+ Kb8 38. Ra1 Ba4
39. Ba7+ $1 Kxa7 40. Rxa4+ Kb6 41. c5+ $18) 36... Re2 $1 37. b6 $2 {At last
but now this move lets the win go...} (37. Ba7 $1 {was the last chance for
White to win:} Be6 (37... g3 38. Bxf3) 38. Bc6 $1 Bxc4 39. b6 Rb2 (39... Ba6
40. Bd7+ Kb7 41. Bxg4) 40. b7+ Rxb7 41. Bxb7+ Kxb7 42. Rd4 $18) 37... Be6 $1 {
The exchange of the light-squared bishops is the key to Black's defense! After
that 1) the white b-pawn is less dangerous; 2) Black starts threatening ...g3.}
38. Bc6 (38. Be3 Bxd5 39. Bxf4 Bxc4 40. Rc1 Re4 $11) (38. b7+ Kb8 39. Ba7+ Kxa7
40. Ra1+ Kb6) 38... Bxc4 $11 39. Bc5 Rb2 40. Bd7+ Kb7 41. Bf5 (41. Bxg4 Be2 42.
Ra1 Rb5 {and Black is by no means worse.}) 41... Kc6 42. Bd4 (42. Bd4 Rb5 43.
Be4+ Bd5 44. Bf5 $11 g3 45. fxg3 Bxg3 46. Rc1+ Kb7 47. Bc8+ Kb8 48. Ba6 f2+ 49.
Bxf2 (49. Kf1 Bc4+) 49... Bxf2+ 50. Kxf2 Rxb6 $11) 1/2-1/2

[Event "Bundesliga 9900"]
[Site "Germany"]
[Date "2000.03.12"]
[Round "12.5"]
[White "Lauber, Arnd"]
[Black "Holzke, Frank"]
[Result "1-0"]
[WhiteElo "2416"]
[BlackElo "2461"]
[Annotator "Krasenkow,M"]
[PlyCount "93"]
[EventDate "1999.10.09"]
[EventType "team-tourn"]
[EventRounds "15"]
[EventCountry "GER"]
[SourceTitle "CBM 076"]
[Source "ChessBase"]
[SourceDate "2000.05.31"]
[SourceVersion "1"]
[SourceVersionDate "2000.05.31"]
[SourceQuality "1"]
[WhiteTeam "Delmenhorst"]
[BlackTeam "Wattenscheid"]
[WhiteTeamCountry "GER"]
[BlackTeamCountry "GER"]

1. d4 Nf6 2. c4 g6 3. Nc3 d5 4. Bf4 Bg7 5. Rc1 Nh5 {This move was introduced
by Vaganian in his game against Korchnoi (Reggio Emilia 1987/88). Black pushes
the white bishop from its active position but his own knight takes a poor
square at the edge of the board. It doesn't look essential as Black needs only
one tempo to bring the knight back but how often it is exactly what he lacks!
The present game is probably one of the clearest examples.} 6. Bd2 c5 (6...
dxc4 {is possible, too:} 7. e3 c5 (7... c6 8. Bxc4 O-O 9. Nf3 Nd7 10. Be2 Nhf6
11. e4 Nb6 12. h3 Be6 13. b3 Nfd7 14. Be3 f6 15. O-O Bf7 16. a4 Nc8 17. Qc2 e6
18. Rfd1 Ne7 19. b4 $16 {Stohl,I-Banas,J/Trnava-B 1989/1-0 (38)}) 8. dxc5 (8.
Bxc4 cxd4 9. exd4 {-6...c5}) 8... Nd7 9. Qa4 O-O 10. Qxc4 Ne5 11. Qd5 Be6 12.
Qxd8 Rfxd8 $44 13. Nf3 Nc4 14. b3 Nxd2 15. Nxd2 Rac8 16. Nce4 Bb2 17. Rc2 Ba3
18. Bc4 Bf5 {1/2:1/2 Schlosser,Ph 2420-Groszpeter,A 2500, Munchen 1989}) 7. e3
(7. cxd5 cxd4 8. Nb5 Na6 9. Qb3 $1 {is interesting:} O-O 10. e4 Bd7 {[%cal
Yd8b6] looks more appropriate: if} (10... e6 $2 {this standard move is not
good here} 11. d6 Qb6 (11... Bd7 12. Nc7) 12. Qa3 $1 {[%cal Rd2a5]} d3 {
Black gives up a pawn not wishing to retreat with} (12... Qd8) 13. Bxd3 Bd7 14.
Be3 Qd8 15. Nf3 $16 e5 16. O-O Nf4 17. Bc4 Qf6 18. Nc3 Be6 19. Bxf4 exf4 20. e5
Qf5 21. Nd5 {1-0 Maksimenko,A-David,P/Wch-stud Odessa 1990 (34)}) 11. Qa3 {then
} (11. a4 b6 $5 {[%cal Ya6c5]}) 11... f5 $5 {justifying 5...Nh5}) (7. dxc5 {
is crucial} d4 8. Na4 $5 (8. Ne4 a5 $5 $44 {[%csl Re4] Stohl,I preventing 9.b4}
) (8. Nd5 e6 (8... Na6 9. Nf3 O-O 10. Bg5 f6 11. Bd2 e6 12. Nb4 Nxb4 13. Bxb4
a5 14. Ba3 e5 15. c6 Re8 16. Qa4 bxc6 17. Qxc6 Be6 18. e3 a4 {1/2-1/2 Paunovic,
T-Zakic,S/Belgrade GMA 1988}) 9. Nb4 O-O 10. Nf3 a5 11. Nd3 Nc6 12. e4 dxe3 13.
Bxe3 e5 14. Nd2 Bf5 15. Qb3 e4 16. Nf4 Nd4 17. Qd1 (17. Qxb7 Rb8) (17. Bxd4
Qxd4 18. Nxh5 gxh5 $36) 17... Nxf4 18. Bxf4 Qc8 19. Be2 e3 $5 20. Bxe3 Nxe2 21.
Qxe2 Bxb2 22. Rd1 Bc2 23. Ne4 Bxe4 24. Qxb2 Bxg2 25. Rg1 Bf3 26. Rd6 Re8 27.
Qf6 Qxc5 {0-1 Balogh,P-Stohl,I/SVK-chT 1994}) 8... Nf6 (8... Bd7 $5 {[%cal
Yd7c6]}) 9. g3 Bd7 10. b4 (10. Bg2 Bc6 $44) 10... Ne4 11. Nf3 (11. Bg2 $5 f5 (
11... Nxd2 $2 12. Bxb7) (11... Bc6 $2 12. b5 Nc3 13. bxc6 $1 $18)) 11... Nxd2
12. Nxd2 Bc6 13. Nf3 d3 14. exd3 Bh6 15. Rb1 Qd7 16. Nc3 Qe6+ 17. Ne4 Bxe4 18.
dxe4 Qxe4+ 19. Be2 Nc6 20. Qd3 Qxd3 21. Bxd3 O-O-O 22. Be4 Nd4 $44 23. O-O
Nxf3+ 24. Bxf3 Rd4 25. c6 bxc6 26. Bxc6 Rxc4 27. Bd5 Rc2 28. Bxf7 Rd8 29. Bb3
Re2 30. Rfe1 Rdd2 31. Rxe2 Rxe2 32. Kf1 Rd2 33. Rd1 Rxd1+ 34. Bxd1 Bd2 {
Komarov,D-Mikhalevski,V/Kiev Platonov 1995/1/2-1/2 (61)}) 7... cxd4 8. exd4
dxc4 9. d5 (9. Bxc4 {is another possibility as it is risky for Black to take
the d4 pawn:} O-O (9... Bxd4 $2 10. Nb5 Bb6 11. Qb3 $36 {/\} O-O 12. Bh6 Ng7
13. Qc3) (9... Qxd4 $6 10. Nb5 Qe5+ $8 11. Be2 $1 Nc6 12. Bc3 $14 {Stohl,I})
10. Nge2 (10. Nf3 $6 Bg4 11. O-O Nc6 12. d5 Nd4) (10. d5 {leads to the main
line with 9.d5}) 10... Nc6 11. Be3 b6 $5 {Stohl,I This has not yet been tested
in practice.}) 9... O-O 10. Bxc4 Nd7 (10... Nf6 {, waiting for the development
of the white knight, deserves attention:} 11. Nf3 (11. Nge2 Nbd7 12. Be3 Ne8
13. O-O Nd6 14. Bb3 Nf6 15. h3 Bd7 16. Nd4 Qa5 17. Qe2 Rac8 18. a3 Nfe4 19.
Nxe4 Nxe4 20. Rfd1 Nd6 21. Ba2 Rxc1 22. Bxc1 Bf6 {Lauber,A-Gustafsson,J/
Bundesliga 1999-2000 1999/0-1 (49)}) 11... Bg4 $5 12. h3 Bxf3 13. Qxf3 Nbd7 {
[%cal Rd7e5,Yd7b6,Ya8c8]} 14. Bb3 (14. Qe2 Nb6 {[%csl Rd5]}) 14... Nc5 15. Bc2
Qb6 $132) 11. Nf3 a6 (11... Nb6 {is less accurate as after} 12. Bb3 Bg4 13. h3
Bxf3 14. Qxf3 {it turns out that the black knight has occupied the b6 square
too early (comparing to the previous line).} Rc8 15. Qe2 Nf6 16. O-O {Now
Black can't capture on d5!} Qd7 17. Rcd1 $1 $14 Nbxd5 $2 18. Nxd5 Nxd5 19. Bb4
{Stohl,I}) 12. a4 (12. O-O b5 13. Bb3 Nc5 14. Bc2 Bb7 $36) (12. a3 b5 13. Ba2
Nb6 {[%csl Rd5][%cal Yc8b7,Yh5f6]}) (12. Be3 Nhf6 $1 13. a4 b5 $1 14. axb5 Nb6
15. Bxb6 Qxb6 16. Qe2 axb5 17. Bxb5 (17. Nxb5 Ba6) 17... Bb7 18. Bc4 {1/2-1/2
Venturino,M-Nizynski,M/corr 1991} (18. Bc4 Qc5 $1 19. Rd1 Rfd8 20. O-O Nxd5 21.
Nxd5 Bxd5 22. Bxd5 Rxd5 23. b4 Qb5 24. Qxe7 Rxd1 25. Rxd1 Bf8 $11 {Nizynski,M})
) 12... b5 $1 {The point of Black's equalizing plan.} 13. axb5 Nb6 14. b3 axb5
{recapturing the d5 pawn} 15. Nxb5 (15. Bxb5 Nxd5 16. Nxd5 Qxd5 17. Bc6 Qe6+
$15) 15... Nxd5 16. O-O Bb7 {This move was recommended by Igor Stohl instead of
} (16... Nb6 17. Bb4 $1 {[%csl Re7]} Bd7 18. Re1 (18. Qe1 $6 Nxc4 19. Bxe7 Re8
$1 20. Bxd8 Rxe1 21. Rfxe1 Nb2 $17) (18. Qe2 Nxc4 19. bxc4 Re8 20. Rfd1 Qc8 $13
{Stohl,I}) 18... Nxc4 19. bxc4 (19. Bxe7 $2 Nb2 $19) 19... Re8 20. Qb3 $5 $13 (
20. Qe2 Bc6 21. Bxe7 $6 Qd7 $40) (20. Ne5 Bxb5 21. cxb5 Qxd1 22. Rcxd1 Reb8 $1
$11 {Stohl,I}) 20... Bc6 21. Rcd1 Qc8 {[%cal Rh5f4]} 22. Ne5 $6 (22. Bxe7 Nf4
23. Bd6 $8 Qg4 24. Bxf4 Qxf4 $44 {^^Stohl,I}) 22... Bxe5 $5 23. Rxe5 Nf4 24.
Qg3 (24. f3 Nxg2 $1) 24... f6 $1 25. Ree1 Nxg2 26. Rxe7 Rxe7 27. Bxe7 Qe6 28.
Nd4 $1 Qxe7 29. Nxc6 Qe2 $11 {0-1 Stohl,I-Ilincic,Z/Vrnjacka Banja 1989 (50)})
17. Bxd5 Bxd5 18. Nc7 (18. Bc3 $11) 18... Bxf3 $2 {A tactical oversight: the
white f3 knight is placed poorly and Black shouldn't exchange it, of course.} (
18... Rb8 19. Nxd5 Qxd5 20. b4 $11) 19. Qxf3 Ra7 20. Rfd1 $1 {the point
certainly overlooked by Black} Qb8 (20... Rxc7 $2 21. Ba5 Rxc1 22. Bxd8) 21.
Nd5 {White's pieces, unlike Black's (the h5 knight etc.), are now well
co-ordinated and his chances are preferable.} e6 22. Nb4 Rb7 (22... Ra3 $5 {
only temporarily prevents 23.Nc6:} 23. Rb1 (23. Nc6 Qxb3) 23... Qb6 24. Nc6 $14
{The h5 knight is still out of play!}) 23. Nc6 Rxb3 {Black simplifies the
position hoping for the drawish correlation of forces in the endgame but even
then the ill-fated h5 knight plays its fatal role!} ({After} 23... Qa8 {
I would suggest} 24. Bc3 $5 {preventing Nf6-d5 and exchanging the bishop which
protects the dark squares around the black king. This "second weakness" (in
addition to the passed b-pawn) could be essential in further fight.}) 24. Nxb8
Rxf3 25. Nd7 $1 Rd3 26. Nxf8 Bxf8 27. Rc8 {[%cal Rc8f8] A funny position. Both
sides suffer from unpleasant pins but for White it's a "semi-pin", which can
turn into a discovered attack!} Rd7 (27... Rd5 28. Kf1 {[%cal Rd2h6] doesn't
change much, e.g.} h6 29. Ke1 Re5+ 30. Be3 {[%cal Rd1d8]} Kg7 31. Kf1 {[%cal
Re3d4,Re3h6] and Black loses a pawn.}) 28. Kf1 {White is now threatening
Bd2-h6, at once or rather after29.Ke2 (see annotation to move 27!).} f6 (28...
Ng7 29. Bb4 $1 $18) (28... Rd5 29. g4 $5 {the simplest} Nf6 (29... Nf4 30. Bxf4
Rxd1+ 31. Ke2 $18 {[%cal Rf4h6]}) 30. Bh6 Rxd1+ 31. Ke2 Nd7 32. Kxd1 f5 33.
gxf5 gxf5 34. Rd8 {and after the pawn moves are exhausted Black will have to
resign. With the text move Black parries the 29.g4 threat but gets out of the
frying-pan into the fire.}) {[%tqu "En","Now find a decisive continuation for
White.","The poor position of the h5 knight lets Black down once again.","",
"c8f8","",10,"g2g4","",0]} 29. Rxf8+ $1 (29. g4 {doesn't work now because of}
Nf4 30. Bxf4 Rxd1+ 31. Ke2 Rd7 32. Bh6 Rg7 $1 {and Black can survive} (32...
Rf7 33. f4)) (29. Bh6 {is not convincing, either:} Rxd1+ 30. Ke2 Ng7 31. Kxd1
e5 {[%cal Yg7e6]}) 29... Kxf8 30. Bh6+ Rg7 (30... Ke8 31. Rxd7 Kxd7 32. g4 {
The irony of fate! The knight is trapped on an empty board!}) 31. g4 Ke7 32.
gxh5 {The rest is easy.} Rg8 33. Ra1 e5 34. Ra7+ Ke6 35. Rxh7 g5 36. Rb7 Rh8
37. Bg7 Rxh5 38. Rb6+ Kf7 39. Bxf6 Rh6 40. Bd8 Rxh2 41. Bxg5 Rh5 42. Be3 Rh4
43. Kg2 Ra4 44. Kf3 Rc4 45. Bg5 Ra4 46. Rf6+ Kg7 47. Re6 1-0